000 00592nam a22001817a 4500
003 BUBTL
008 180101b xxu||||| |||| 00| 0 eng d
020 _a984-412-522-7
082 _a891.443 / Ah52m
100 _91701
_aআহমেদ,হুমায়ূন
245 _aময়ূরাক্ষী /
_cহুমায়ূন আহমেদ
260 _aঢাকা :
_bঅনন্যা,
_cc1990
300 _a75 p. :
_c21 cm.
650 0 _91702
_aবাংলা সাহিত্য
856 _k0
_l0
_yDownload
942 _2ddc
_cBK
999 _c5632
_d5632